00338nam a2200133Ia 4500008004100000041000800041082001400049100001200063245003400075260004500109300000800154500001700162650002500179220803s9999 xx 000 0 und d aeng a741.2 DOS aDoshi B aKamala House : Ahmedabad 1959 aAhmedabadbVastu Shilpa Foundationc2006 a38p aArchitecture aArchitectural Design